Management (Record no. 351561)

000 -LEADER
fixed length control field 00466nam a22001937a 4500
003 - CONTROL NUMBER IDENTIFIER
control field OSt
005 - DATE AND TIME OF LATEST TRANSACTION
control field 20180116183049.0
008 - FIXED-LENGTH DATA ELEMENTS--GENERAL INFORMATION
fixed length control field 160727b xxu||||| |||| 00| 0 eng d
020 ## - INTERNATIONAL STANDARD BOOK NUMBER
International Standard Book Number 9780618056385
040 ## - CATALOGING SOURCE
Transcribing agency 0
082 ## - DEWEY DECIMAL CLASSIFICATION NUMBER
Classification number 658 KRE 2001
100 ## - MAIN ENTRY--PERSONAL NAME
Personal name Robert Kreitner
245 ## - TITLE STATEMENT
Title Management
Statement of responsibility, etc. Robert Kreitner
250 ## - EDITION STATEMENT
Edition statement 8th
260 ## - PUBLICATION, DISTRIBUTION, ETC.
Place of publication, distribution, etc. USA
Name of publisher, distributor, etc. Houghton Mifflin Company
Date of publication, distribution, etc. 2001
300 ## - PHYSICAL DESCRIPTION
Extent 125 p.
Other physical details HB
440 ## - SERIES STATEMENT/ADDED ENTRY--TITLE
Title Management
942 ## - ADDED ENTRY ELEMENTS (KOHA)
Source of classification or shelving scheme
Koha item type Book
Holdings
Withdrawn status Lost status Source of classification or shelving scheme Damaged status Not for loan Collection code Permanent Location Current Location Shelving location Date acquired Total Checkouts Full call number Barcode Date last seen Price effective from Koha item type
            Central Library (CL) Central Library (CL) General Stacks 07/27/2016   658 KRE 2001 NBSD-2529 07/27/2016 07/27/2016 Book
© 2023 Central Library, National University of Sciences and Technology. All Rights Reserved.